000
00330 a2200157 4500
001
172769
020
_a
040
_c
Magnum
100
_a
Pereira, Regina Lúcia Pontes
240
1
0
_a
Pra lá e pra cá
_l
por
245
1
0
_a
Pra lá e pra cá
300
_a
15
362
0
_a
1991
697
_a
LITERATURA INFANTO
942
_c
BK
999
_c
172769
_d
172769